Errate den Songtext ohne das Lied zu kennen #6 - Statistiken

Allgemein
  • Dieses Quiz wurde 596 mal gespielt
  • Das Durchschnittsergebnis liegt bei 80 aus 214
Antwortstatistiken
Antwort % Korrekt
I
96%
a
87%
you
83%
You
83%
the
75%
we
64%
me
60%
be
58%
to
57%
And
56%
it
55%
in
52%
In
52%
want
52%
are
49%
your
44%
see
39%
know,
36%
know
36%
that
36%
For
35%
never
34%
of
34%
what
33%
had
30%
rain
29%
rain,
29%
can't
26%
say
26%
But
25%
If
25%
purple
25%
Purple
25%
one
24%
only
24%
Only
24%
I'm
23%
time
23%
all
22%
could
22%
It's
21%
make
21%
let
20%
some
20%
too
20%
wanted
20%
Baby,
19%
up
19%
cause
17%
friend
17%
from
17%
here
17%
our
17%
any
16%
think
16%
out
15%
lover
14%
meant
14%
about
12%
end
12%
kind
12%
pain
12%
another
9%
better
9%
hand
9%
laughing
9%
Laughing
9%
mind
9%
new,
8%
something
7%
sorrow
7%
(hey)
6%
reach
5%
seem
5%
singing
5%
such
5%
weekend
5%
bathing
4%
changing
4%
close
4%
friendship
4%
guide
4%
Honey,
4%
means
4%
shame
4%
steal
4%
times
4%
Underneath
4%
leader
2%
raise
2%
C'mon,
0%
Keine übereinstimmenden Quizze gefunden
Verteilung der Resultate
Anzahl Personen mit jedem Resultat
Perzentil nach korrekt beantworteten Fragen
Ihre Resultats-Entwicklung
Sie haben dieses Quiz noch nicht gespielt